Statistics for 1966 FIFA World Cup Final England - West Germany

Click here to take the quiz!

General Stats

  • This quiz has been taken 118 times
  • The average score is 11 of 24

Answer Stats

Player% Correct
Bobby Charlton
90%
Jack Charlton
89%
Bobby Moore
87%
Geoff Hurst ³
82%
Gordon Banks
82%
Franz Beckenbauer
73%
Roger Hunt
58%
Uwe Seeler
51%
Martin Peters ¹
49%
Nobby Stiles
49%
George Cohen
46%
Alf Ramsey
45%
Alan Ball
42%
Ray Wilson
37%
Wolfgang Overath
28%
Karl-Heinz Schnellinger
24%
Helmut Haller ¹
23%
Helmut Schön
21%
Wolfgang Weber ¹
18%
Hans Tilkowski
17%
Lothar Emmerich
14%
Sigfried Held
14%
Willi Schulz
14%
Horst-Dieter Höttges
11%

Score Distribution

Percentile by Number Answered

Percent of People with Each Score

Your Score History

You have not taken this quiz